000 00402cam a2200169ua 4500
003 OSt
008 250212b |||||||| |||| 00| 0 eng d
020 _a0 04 440226 0
041 _aeng
082 _a635.93372
_bROU/HE
100 _aRougetel, Hezel le .
_97127
245 _aHeritage of roses /
260 _a London:
_bHyman,
_c1988.
300 _a176 ; .
500 _a** Reference
942 _cBK
999 _c4749
_d4749